000 00311nam a2200133Ia 4500
005 20251222142011.0
008 251222s9999||||xx |||||||||||||| ||spa||
020 _a84-7118-598-9
082 _a828.9/B44/1988
100 _aBenson, Robert Hugh
245 0 _aEl Amo del Mundo
264 _bPalabra
942 _cLIB
999 _c10320
_d10320